<?xml version="1.0" encoding="UTF-8"?>
<record
    xmlns:xsi="http://www.w3.org/2001/XMLSchema-instance"
    xsi:schemaLocation="http://www.loc.gov/MARC21/slim http://www.loc.gov/standards/marcxml/schema/MARC21slim.xsd"
    xmlns="http://www.loc.gov/MARC21/slim">

  <leader>00941nam a2200229 i 4500</leader>
  <controlfield tag="001">145157</controlfield>
  <controlfield tag="003">ES-MaACL</controlfield>
  <controlfield tag="005">20250928112635.0</controlfield>
  <controlfield tag="007">t|</controlfield>
  <controlfield tag="008">070214s1912    cl      r    ||||1| spa d</controlfield>
  <datafield tag="100" ind1="1" ind2=" ">
    <subfield code="a">Sotomayor Vald&#xE9;s, Ram&#xF3;n.</subfield>
    <subfield code="9">107546</subfield>
  </datafield>
  <datafield tag="245" ind1="1" ind2="3">
    <subfield code="a">La legaci&#xF3;n de Chile en Bolivia </subfield>
    <subfield code="b">: desde Septiembre de 1867 hasta principios de 1871 :  contiene los principales documentos diplom&#xE1;ticos, precedidos de algunos apuntes hist&#xF3;ricos sobre la administraci&#xF3;n del general Melgarejo. / </subfield>
    <subfield code="c">Ram&#xF3;n Sotomayor Vald&#xE9;s.</subfield>
  </datafield>
  <datafield tag="250" ind1=" " ind2=" ">
    <subfield code="a">2&#xAA;. ed.</subfield>
  </datafield>
  <datafield tag="260" ind1=" " ind2=" ">
    <subfield code="a">Santiago de Chile : </subfield>
    <subfield code="b">[s. n.], </subfield>
    <subfield code="c">1912 (</subfield>
    <subfield code="f">Imp. de San Jos&#xE9;)</subfield>
  </datafield>
  <datafield tag="300" ind1=" " ind2=" ">
    <subfield code="a">399 p. ; </subfield>
    <subfield code="c">28 cm.</subfield>
  </datafield>
  <datafield tag="651" ind1=" " ind2="4">
    <subfield code="a">Chile-</subfield>
    <subfield code="x">Relaciones-</subfield>
    <subfield code="z">Bolivia.</subfield>
    <subfield code="9">160063</subfield>
  </datafield>
  <datafield tag="651" ind1=" " ind2="4">
    <subfield code="a">Bolivia-</subfield>
    <subfield code="x">Relaciones-</subfield>
    <subfield code="z">Chile.</subfield>
    <subfield code="9">160064</subfield>
  </datafield>
  <datafield tag="651" ind1=" " ind2="4">
    <subfield code="a">Bolivia-</subfield>
    <subfield code="x">Historia-</subfield>
    <subfield code="y">1825-1879.</subfield>
    <subfield code="9">160065</subfield>
  </datafield>
  <datafield tag="700" ind1="1" ind2=" ">
    <subfield code="a">Melgarejo, Mariano, </subfield>
    <subfield code="d">1820-1871</subfield>
    <subfield code="9">160062</subfield>
  </datafield>
  <datafield tag="852" ind1=" " ind2=" ">
    <subfield code="a">ES-MaACL</subfield>
    <subfield code="j">G-3002</subfield>
  </datafield>
  <datafield tag="999" ind1=" " ind2=" ">
    <subfield code="c">145157</subfield>
    <subfield code="d">145157</subfield>
  </datafield>
  <datafield tag="952" ind1=" " ind2=" ">
    <subfield code="0">0</subfield>
    <subfield code="1">0</subfield>
    <subfield code="4">0</subfield>
    <subfield code="7">0</subfield>
    <subfield code="a">ATENEOM</subfield>
    <subfield code="b">ATENEOM</subfield>
    <subfield code="c">DEPO2</subfield>
    <subfield code="d">2008-01-17</subfield>
    <subfield code="e">SC</subfield>
    <subfield code="l">0</subfield>
    <subfield code="o">G-3002</subfield>
    <subfield code="p">1151522</subfield>
    <subfield code="r">2023-02-23 00:00:00</subfield>
    <subfield code="w">2023-02-23</subfield>
    <subfield code="y">MONOGRAFIA</subfield>
  </datafield>
</record>
